000 00339nam a2200133Ia 4500
008 240624s9999 xx 000 0 und d
041 _aeng
082 _a306.3 RAJ
100 _aRAJAN RAGHURAM
245 _aTHIRD PILLAR HOW MARKETS AND THE STATE L
260 _c2019
_aNew York
_bPenguin Press
300 _a434p. ;23cm.
365 _c
_b33
999 _c32790
_d32790